| 000 | 00416 a2200121 4500 | ||
|---|---|---|---|
| 040 |
_aDLC _bDLC |
||
| 082 | _a006.6 TAQ | ||
| 100 | _aTaqdees Ahmed Siddique | ||
| 245 |
_aComputer Graphics: Lectures 1-45, CS-602, (09 CD's) _cTaqdees Ahmed Siddique |
||
| 260 |
_aLahore _bVirtual University _c2005 |
||
| 500 | _aLectures 1-5, 6-11, 12-15, 16-20, 21-25, 26-30, 31-35, 36-40, 41-45, (09 CD's) | ||
| 942 |
_cCD _k006.6 TAQ _2ddc |
||
| 999 |
_c9684 _d9684 |
||